00717nam a2200169Ia 4500008004000000020001800040082001600058100005000074245005900124260003700183300000800220650008000228690002900308906001100337999001900348952018000367210210b2005 xxu||||| |||| 00| 0 eng d a81 7033 905 7 a820.09 LANM aLANGE (Bernd Peter) and PANDURANG (Mala). Ed. aMediating Indian writing in English: German responses. aJaipurbRawat Publicationsc2005 a330 aArundhati Roy Salman Rushdie Amitav Ghosh Gender Sujata Bhatt Indian Novels aIndian English Criticism a061538 c108238d108238 001040708EnglishaALbALcEnglish Literatured2021-02-17eIntel Book Distributors Pvt Ltd, Bangalore-50g650.00l0o820.09 LANMp061538r2021-02-17 00:00:00w2021-02-17yBK